Hearings before the subcommittee on low income families of the joint committee on the economic report congress of the United States (Record no. 693168)

MARC details
000 -LEADER
fixed length control field 00799nam a2200241Ia 4500
003 - CONTROL NUMBER IDENTIFIER
control field OSt
005 - DATE AND TIME OF LATEST TRANSACTION
control field 20220927105552.0
008 - FIXED-LENGTH DATA ELEMENTS--GENERAL INFORMATION
fixed length control field 220926b |||||||| |||| 00| 0 eng d
037 ## - SOURCE OF ACQUISITION
Terms of availability Reference Collections
040 ## - CATALOGING SOURCE
Original cataloging agency RTL
Transcribing agency RTL
Language of cataloging eng
041 ## - LANGUAGE CODE
Source of code eng
Language code of text/sound track or separate title eng
110 ## - MAIN ENTRY--CORPORATE NAME
Corporate name or jurisdiction name as entry element UNITED STATES
9 (RLIN) 373403
245 #0 - TITLE STATEMENT
Title Hearings before the subcommittee on low income families of the joint committee on the economic report congress of the United States
Remainder of title 84th session.
260 ## - PUBLICATION, DISTRIBUTION, ETC.
Place of publication, distribution, etc. Washington
Name of publisher, distributor, etc. Govt Printing Office
Date of publication, distribution, etc. 1955
300 ## - PHYSICAL DESCRIPTION
Extent 757p.
Dimensions cm.
700 ## - ADDED ENTRY--PERSONAL NAME
Personal name UNITED STATES
9 (RLIN) 373404
942 ## - ADDED ENTRY ELEMENTS (KOHA)
Classification part "X:54.7361.N70, L"
Koha item type
Holdings
Withdrawn status Lost status Damaged status Not for loan Home library Current library Date acquired Total Checkouts Full call number Barcode Date last seen Price effective from Koha item type
        Ratan Tata Library Ratan Tata Library 2022-09-27   "X:54.7361.N70 L" RT1454834 2022-09-27 2022-09-27  
Copyright @ Delhi University Library System